[Event "Rhein Main op-A 21st"]
[Site "Bad Homburg"]
[Date "2018.05.31"]
[Round "3"]
[White "Golubka, Petr"]
[Black "Will, Dominik"]
[Result "1-0"]
[WhiteElo "2484"]
[BlackElo "2140"]
[PlyCount "69"]
[EventDate "2018.05.30"]
[EventType "swiss"]
[EventRounds "7"]
[EventCountry "GER"]
[SourceTitle "EXT 2019"]
[Source "ChessBase"]
[SourceDate "2018.10.10"]
[SourceVersion "1"]
[SourceVersionDate "2018.10.10"]
[SourceQuality "1"]

1. e4 c5 2. c3 d6 3. d4 Nf6 4. Bd3 g6 5. Nf3 Bg7 6. 0-0 0-0 7. h3 Qc7 8. Re1 Nbd7 9. e5 Nd5 10. Be4 N5b6 11. Bf4 dxe5 12. dxe5 e6 13. Nbd2 c4 14. a4 a5 15. h4 Nc5 16. h5 Bd7 17. h6 Bh8 18. Bc2 Bc6 19. Nd4 Bd5 20. Bg3 Qe7 21. Qg4 Qd7 22. Qd1 Qe7 23. N2f3 Rac8 24. Nb5 f6 25. exf6 Qxf6 26. Nbd4 Nbd7 27. Qd2 Rce8 28. Bd6 e5 29. Bxf8 Rxf8 30. Ne2 Bxf3 31. gxf3 Qxf3 32. Ng3 Nd3 33. Bxd3 cxd3 34. Re3 Qf4 35. Qxd3 1-0

[Event "Hessen-chA"]
[Site "Frankfurt"]
[Date "2018.05.12"]
[Round "5"]
[White "Will, Dominik"]
[Black "Bajorski, Marius"]
[Result "1-0"]
[WhiteElo "2135"]
[BlackElo "1911"]
[PlyCount "103"]
[EventDate "2018.05.10"]
[EventType "swiss"]
[EventRounds "7"]
[EventCountry "GER"]
[SourceTitle "EXT 2019"]
[Source "ChessBase"]
[SourceDate "2018.10.10"]
[SourceVersion "1"]
[SourceVersionDate "2018.10.10"]
[SourceQuality "1"]

1. Nf3 Nf6 2. g3 b5 3. Bg2 Bb7 4. d3 e6 5. 0-0 Be7 6. Nbd2 0-0 7. e4 d6 8. c3 c5 9. Re1 Nbd7 10. d4 Qc7 11. Qe2 c4 12. Nh4 e5 13. Nf5 Rfe8 14. Nf1 Bf8 15. d5 Nc5 16. Bg5 Be7 17. Nxe7+ Qxe7 18. Nd2 h6 19. Be3 Rec8 20. b3 cxb3 21. axb3 Qd7 22. h3 a5 23. Rf1 Ba6 24. Rxa5 b4 25. c4 Nxb3 26. Rxa6 Rxa6 27. Nxb3 Ra3 28. Rb1 Qa4 29. Qc2 Ra2 30. Qd3 Nd7 31. h4 Qa6 32. Bh3 Rc7 33. Qd1 Nb6 34. c5 Nc4 35. Bc1 dxc5 36. Bf1 Qf6 37. f4 Nd6 38. Rb2 Rxb2 39. Bxb2 Qg6 40. Qf3 Qxe4 41. Qxe4 Nxe4 42. Bxe5 Rd7 43. Bg2 c4 44. Bxe4 cxb3 45. Kf2 f6 46. Bd4 Kf7 47. Ke3 f5 48. Bf3 Rc7 49. Bd1 Rc1 50. Bxb3 g6 51. d6+ Ke8 52. Ba4+ 1-0

[Event "Rhein Main op-A 20th"]
[Site "Bad Homburg"]
[Date "2017.06.15"]
[Round "2"]
[White "Foermes, Alexander"]
[Black "Will, Dominik"]
[Result "1-0"]
[WhiteElo "2037"]
[BlackElo "2131"]
[PlyCount "55"]
[EventDate "2017.06.14"]
[EventType "swiss"]
[EventRounds "7"]
[EventCountry "GER"]
[SourceTitle "EXT 2018"]
[Source "ChessBase"]
[SourceDate "2017.10.13"]
[SourceVersion "1"]
[SourceVersionDate "2017.10.13"]
[SourceQuality "1"]

1. c4 Nf6 2. g3 g6 3. Bg2 Bg7 4. Nc3 0-0 5. e4 d6 6. Nge2 c5 7. 0-0 Nc6 8. d3 Bg4 9. f3 Bd7 10. Be3 Ne8 11. d4 cxd4 12. Nxd4 Nc7 13. Nde2 Ne5 14. b3 b5 15. c5 dxc5 16. Bxc5 Ne6 17. Be3 b4 18. Nd5 Bb5 19. Qd2 a5 20. a4 Bxe2 21. Qxe2 Nc6 22. Rad1 Ned4 23. Qf2 e6 24. Nf4 Qf6 25. Rd3 Rfd8 26. Rc1 Qe5 27. Kh1 Rd6 28. Nh3 1-0

[Event "Rhein Main op-A 20th"]
[Site "Bad Homburg"]
[Date "2017.06.15"]
[Round "3"]
[White "Will, Dominik"]
[Black "Euler, Stephan"]
[Result "1-0"]
[WhiteElo "2131"]
[BlackElo "2007"]
[PlyCount "119"]
[EventDate "2017.06.14"]
[EventType "swiss"]
[EventRounds "7"]
[EventCountry "GER"]
[SourceTitle "EXT 2018"]
[Source "ChessBase"]
[SourceDate "2017.10.13"]
[SourceVersion "1"]
[SourceVersionDate "2017.10.13"]
[SourceQuality "1"]

1. Nf3 e6 2. e4 d5 3. e5 c5 4. b4 Bd7 5. bxc5 Bxc5 6. d4 Be7 7. c3 Nc6 8. Bd3 Qc7 9. 0-0 Na5 10. Ng5 Bxg5 11. Bxg5 h6 12. Bc1 Ne7 13. Qg4 g6 14. Ba3 Nc4 15. Bxe7 Kxe7 16. Qf4 Raf8 17. Bxc4 Qxc4 18. Qf6+ Ke8 19. Qf3 Qc7 20. a4 Qd8 21. Nd2 Qg5 22. Qd3 f5 23. exf6 Rxf6 24. Nf3 Qf5 25. Qe2 Kf8 26. Ne5 Bc8 27. Qb2 Kg7 28. f4 h5 29. a5 Rhf8 30. Rf3 Qe4 31. g3 g5 32. Raf1 gxf4 33. Qd2 Kh7 34. Re1 Qf5 35. Rxf4 Qg5 36. Ref1 Rxf4 37. Rxf4 Rxf4 38. Qxf4 Qxf4 39. gxf4 b6 40. axb6 axb6 41. Kf2 Kg7 42. Kg3 Kf6 43. Kh4 Kf5 44. Kxh5 Kxf4 45. Kg6 Ba6 46. Kf6 Be2 47. Kxe6 Ke4 48. Kd6 b5 49. Kc5 Bf1 50. h4 Be2 51. Kb4 Kf4 52. Nd7 Kg4 53. Nf6+ Kxh4 54. Nxd5 Kg5 55. Nc7 Kf6 56. Nxb5 Ke6 57. c4 Kd7 58. d5 Bf3 59. Kc5 Be2 60. Kd4 1-0

[Event "Hessenliga 1617"]
[Site "Hessen"]
[Date "2017.04.23"]
[Round "9.3"]
[White "Schupp, Tobias"]
[Black "Will, Dominik"]
[Result "0-1"]
[WhiteElo "2137"]
[BlackElo "2112"]
[PlyCount "60"]
[EventDate "2016.09.18"]
[EventType "team-tourn"]
[EventRounds "9"]
[EventCountry "GER"]
[SourceTitle "EXT 2018"]
[Source "ChessBase"]
[SourceDate "2017.10.13"]
[SourceVersion "1"]
[SourceVersionDate "2017.10.13"]
[SourceQuality "1"]
[WhiteTeam "Niederbrechen"]
[BlackTeam "Bad Nauheim"]
[WhiteTeamCountry "GER"]
[BlackTeamCountry "GER"]

1. e4 c5 2. Nf3 d6 3. d4 cxd4 4. Nxd4 Nf6 5. Nc3 g6 6. Be2 Bg7 7. Be3 Nc6 8. 0-0 0-0 9. Kh1 Bd7 10. f4 Rc8 11. Bf3 Na5 12. Nd5 Nc4 13. Bc1 Nxd5 14. exd5 Qb6 15. Nb3 Nxb2 16. Qe2 Bb5 17. Qf2 Bxf1 18. Be3 Bxg2+ 19. Bxg2 Qc7 20. Rc1 Nc4 21. Bd4 Bxd4 22. Qxd4 Qb6 23. Qe4 Qe3 24. Re1 Qxe4 25. Rxe4 Rc7 26. Nd4 a6 27. Bh3 Nb6 28. f5 Nxd5 29. fxg6 hxg6 30. Ne6 Nf6 0-1

[Event "Hessenliga 1617"]
[Site "Hessen"]
[Date "2017.03.05"]
[Round "7.3"]
[White "Tischendorf, Michael"]
[Black "Will, Dominik"]
[Result "0-1"]
[WhiteElo "2194"]
[BlackElo "2112"]
[PlyCount "82"]
[EventDate "2016.09.18"]
[EventType "team-tourn"]
[EventRounds "9"]
[EventCountry "GER"]
[SourceTitle "EXT 2018"]
[Source "ChessBase"]
[SourceDate "2017.10.13"]
[SourceVersion "1"]
[SourceVersionDate "2017.10.13"]
[SourceQuality "1"]
[WhiteTeam "Hofheim II"]
[BlackTeam "Bad Nauheim"]
[WhiteTeamCountry "GER"]
[BlackTeamCountry "GER"]

1. e4 c5 2. c3 d6 3. d4 Nf6 4. Bd3 g6 5. Nf3 Bg7 6. 0-0 0-0 7. h3 Qc7 8. Be3 Nbd7 9. Qe2 b6 10. Nbd2 Bb7 11. a4 a6 12. Rac1 e5 13. dxe5 dxe5 14. Bg5 Nh5 15. Bc4 h6 16. Be7 Rfe8 17. Bh4 Nf4 18. Qe3 Bc6 19. Bb3 b5 20. axb5 axb5 21. Ra1 c4 22. Bc2 Bf8 23. b4 cxb3 24. Nxb3 Nb6 25. Nfd2 Na4 26. Rfe1 Nxc3 27. Bd3 b4 28. Bc4 Kh7 29. Nc5 Rxa1 30. Rxa1 g5 31. Bg3 Rd8 32. Ndb3 Ba4 33. Bf1 Rd1 34. Nxa4 Rxa1 35. Nxc3 Rxf1+ 36. Kxf1 bxc3 37. Bxf4 Qc4+ 38. Qe2 Qxb3 39. Bc1 Qb1 40. Qe1 c2 41. Ke2 Bb4 0-1

[Event "Hessenliga 1617"]
[Site "Hessen"]
[Date "2016.10.09"]
[Round "2.2"]
[White "Will, Dominik"]
[Black "Mueller, Maximilian"]
[Result "0-1"]
[WhiteElo "2112"]
[BlackElo "2281"]
[PlyCount "86"]
[EventDate "2016.09.18"]
[EventType "team-tourn"]
[EventRounds "9"]
[EventCountry "GER"]
[SourceTitle "EXT 2018"]
[Source "ChessBase"]
[SourceDate "2017.10.13"]
[SourceVersion "1"]
[SourceVersionDate "2017.10.13"]
[SourceQuality "1"]
[WhiteTeam "Bad Nauheim"]
[BlackTeam "Gernsheim"]
[WhiteTeamCountry "GER"]
[BlackTeamCountry "GER"]

1. e4 c5 2. Nf3 a6 3. d3 Nc6 4. g3 e6 5. Bg2 d5 6. Nbd2 Nf6 7. 0-0 Be7 8. Re1 b5 9. Qe2 Bb7 10. e5 Nd7 11. c3 Qc7 12. a3 a5 13. a4 b4 14. c4 0-0-0 15. Nf1 d4 16. Bf4 Rdg8 17. h4 h6 18. h5 g5 19. hxg6 fxg6 20. g4 g5 21. Bh2 h5 22. N3d2 hxg4 23. Qxg4 Nd8 24. Bxb7+ Qxb7 25. Ne4 Rh4 26. Qg2 Nf7 27. Nd6+ Bxd6 28. Qxb7+ Kxb7 29. exd6 Rh6 30. Nd2 Kc6 31. Nb3 Ra8 32. Re2 e5 33. Rae1 Kxd6 34. f3 Re6 35. Bg3 Nh6 36. Nd2 Nf5 37. Kf2 Rf8 38. Ne4+ Kc6 39. Nxg5 Rg6 40. Ne4 Nxg3 41. Nxg3 Rgf6 42. Kg2 Rxf3 43. Rf1 Rxg3+ 0-1

[Event "Rhein Main op-A 19th"]
[Site "Bad Homburg"]
[Date "2016.05.28"]
[Round "6"]
[White "Goebel, Andreas"]
[Black "Will, Dominik"]
[Result "1/2-1/2"]
[WhiteElo "1980"]
[BlackElo "2147"]
[PlyCount "35"]
[EventDate "2016.05.25"]
[EventType "swiss"]
[EventRounds "7"]
[EventCountry "GER"]
[SourceTitle "EXT 2017"]
[Source "ChessBase"]
[SourceDate "2016.10.25"]
[SourceVersion "1"]
[SourceVersionDate "2016.10.25"]
[SourceQuality "1"]

1. Nf3 Nf6 2. g3 g6 3. Bg2 Bg7 4. c4 0-0 5. 0-0 d6 6. d4 a6 7. Nc3 Nc6 8. e3 Rb8 9. a3 b5 10. cxb5 axb5 11. b4 e5 12. d5 Ne7 13. e4 c6 14. dxc6 Nxc6 15. Bg5 Bg4 16. Qd3 Bxf3 17. Bxf3 Nd4 18. Bg2 1/2-1/2

[Event "Rhein Main op-A 19th"]
[Site "Bad Homburg"]
[Date "2016.05.27"]
[Round "4"]
[White "Schindelmeiser, Frank"]
[Black "Will, Dominik"]
[Result "1/2-1/2"]
[WhiteElo "1985"]
[BlackElo "2147"]
[PlyCount "115"]
[EventDate "2016.05.25"]
[EventType "swiss"]
[EventRounds "7"]
[EventCountry "GER"]
[SourceTitle "EXT 2017"]
[Source "ChessBase"]
[SourceDate "2016.10.25"]
[SourceVersion "1"]
[SourceVersionDate "2016.10.25"]
[SourceQuality "1"]

1. c4 g6 2. g3 Bg7 3. Bg2 d6 4. Nc3 Nf6 5. e4 0-0 6. Nge2 c5 7. 0-0 Nc6 8. d3 Bg4 9. h3 Bxe2 10. Nxe2 Ne8 11. Rb1 Nc7 12. f4 Ne6 13. Bd2 Rb8 14. Bc3 Ned4 15. Kh2 Qc7 16. Rf2 b5 17. Bxd4 Bxd4 18. Nxd4 Nxd4 19. f5 bxc4 20. dxc4 Rb4 21. b3 a5 22. a3 Rb6 23. b4 axb4 24. axb4 Ra6 25. b5 Ra3 26. Qc1 Qa5 27. b6 Nb3 28. Qh6 Qc3 29. b7 Rb8 30. Rbf1 Qg7 31. Qxg7+ Kxg7 32. fxg6 f6 33. gxh7 Na5 34. e5 dxe5 35. Bd5 Rb3 36. Bg8 R8xb7 37. Ra1 Nc6 38. Ra8 Rb8 39. Rxb8 Rxb8 40. g4 Nd4 41. g5 f5 42. h4 e4 43. h5 Nf3+ 44. Rxf3 exf3 45. h6+ Kh8 46. g6 Rxg8 47. hxg8Q+ Kxg8 48. Kg3 e5 49. Kxf3 Kh8 50. Kg3 Kg8 51. Kh4 f4 52. Kg4 Kh8 53. Kf3 Kg8 54. Ke4 Kh8 55. g7+ Kh7 56. Kf3 Kg8 57. Kg4 Kh7 58. Kf3 1/2-1/2

[Event "Rhein Main op-A 19th"]
[Site "Bad Homburg"]
[Date "2016.05.26"]
[Round "2"]
[White "Seidel, Juergen"]
[Black "Will, Dominik"]
[Result "1/2-1/2"]
[WhiteElo "2039"]
[BlackElo "2147"]
[PlyCount "45"]
[EventDate "2016.05.25"]
[EventType "swiss"]
[EventRounds "7"]
[EventCountry "GER"]
[SourceTitle "EXT 2017"]
[Source "ChessBase"]
[SourceDate "2016.10.25"]
[SourceVersion "1"]
[SourceVersionDate "2016.10.25"]
[SourceQuality "1"]

1. d4 Nf6 2. c4 g6 3. g3 Bg7 4. Bg2 0-0 5. Nc3 d6 6. e3 a6 7. Nge2 Nc6 8. 0-0 Bg4 9. h3 Bd7 10. Rb1 Qc8 11. Kh2 Na5 12. b3 Rb8 13. Qd2 b6 14. Bb2 e6 15. e4 c5 16. e5 Ne8 17. dxc5 dxc5 18. Ne4 f5 19. exf6 Nxf6 20. Nxf6+ Bxf6 21. Bxf6 Rxf6 22. Rbd1 Bc6 23. Qd6 1/2-1/2

[Event "Hessen-ch op-A"]
[Site "Floersheim"]
[Date "2016.05.08"]
[Round "7"]
[White "Budde, Michael"]
[Black "Will, Dominik"]
[Result "0-1"]
[WhiteElo "1995"]
[BlackElo "2147"]
[PlyCount "94"]
[EventDate "2016.05.05"]
[EventType "swiss"]
[EventRounds "7"]
[EventCountry "GER"]
[SourceTitle "EXT 2022"]
[Source "ChessBase"]
[SourceDate "2021.10.06"]
[SourceVersion "1"]
[SourceVersionDate "2021.10.06"]
[SourceQuality "1"]

1. d4 Nf6 2. Bf4 g6 3. e3 Bg7 4. Nf3 0-0 5. Be2 d6 6. 0-0 Nbd7 7. h3 b6 8. a4 a6 9. Nbd2 Bb7 10. c3 Qe8 11. Bh2 e5 12. Nc4 Ne4 13. Qd3 f5 14. Rad1 exd4 15. exd4 Ndf6 16. a5 b5 17. Na3 g5 18. Nd2 Rd8 19. Rfe1 Qg6 20. Bf1 c5 21. Nxe4 Bxe4 22. Qd2 c4 23. f3 Bd5 24. Nc2 g4 25. hxg4 fxg4 26. fxg4 Bh6 27. Bf4 Bxf4 28. Qxf4 Qxc2 29. Re7 Qg6 30. Rde1 Ne4 31. Qh2 Rf7 32. Qh4 Rdf8 33. Be2 Qg5 34. Qxg5+ Nxg5 35. Re3 Be4 36. Bd1 d5 37. b3 Rf2 38. R3e2 Rxe2 39. Rxe2 Bd3 40. Re5 h6 41. bxc4 Rf1+ 42. Kh2 Rxd1 43. cxd5 Rd2 44. Kg3 b4 45. cxb4 Bb5 46. Kf4 Rxd4+ 47. Ke3 Rxb4 0-1

[Event "Rhein Main op-A 18th"]
[Site "Bad Homburg"]
[Date "2015.06.04"]
[Round "2"]
[White "Will, Dominik"]
[Black "Krastev, Alexander"]
[Result "1-0"]
[WhiteElo "2156"]
[BlackElo "1881"]
[PlyCount "39"]
[EventDate "2015.06.03"]
[EventType "swiss"]
[EventRounds "7"]
[EventCountry "GER"]
[SourceTitle "CBM 167 Extra"]
[Source "ChessBase"]
[SourceDate "2015.09.14"]
[SourceVersion "1"]
[SourceVersionDate "2015.09.14"]
[SourceQuality "1"]

1. Nf3 Nf6 2. g3 g6 3. Bg2 Bg7 4. 0-0 0-0 5. d3 d5 6. a3 c5 7. Nc3 Nc6 8. Rb1 a5 9. a4 e5 10. Bg5 Be6 11. Nd2 h6 12. Bxf6 Bxf6 13. e4 d4 14. Nd5 Bxd5 15. exd5 Nb4 16. Nc4 Ra6 17. d6 Nc6 18. c3 Qd7 19. Qb3 Bg7 20. Qb5 1-0

[Event "Hessen-ch op-A"]
[Site "Frankfurt Sossenheim"]
[Date "2015.??.??"]
[Round "6"]
[White "Kolker, Vladislav"]
[Black "Will, Dominik"]
[Result "1/2-1/2"]
[WhiteElo "2013"]
[BlackElo "2153"]
[PlyCount "40"]
[EventDate "2015.05.13"]
[EventType "swiss"]
[EventRounds "7"]
[EventCountry "GER"]
[SourceTitle "EXT 2016"]
[Source "ChessBase"]
[SourceDate "2015.10.08"]
[SourceVersion "1"]
[SourceVersionDate "2015.10.08"]
[SourceQuality "1"]

1. e4 c5 2. d4 cxd4 3. c3 dxc3 4. Nxc3 d6 5. Bc4 Nc6 6. Nf3 a6 7. Qe2 Nf6 8. 0-0 Bg4 9. Be3 e6 10. Rfd1 Qa5 11. h3 Bxf3 12. Qxf3 Ne5 13. Qe2 Nxc4 14. Qxc4 Be7 15. Rac1 0-0 16. a3 Rac8 17. Qe2 b5 18. f4 Rfd8 19. f5 Rc4 20. Rd4 Rdc8 1/2-1/2

[Event "Hessen-ch op-A"]
[Site "Frankfurt Sossenheim"]
[Date "2015.??.??"]
[Round "4"]
[White "Trumpp, Lothar"]
[Black "Will, Dominik"]
[Result "1/2-1/2"]
[WhiteElo "2050"]
[BlackElo "2153"]
[PlyCount "80"]
[EventDate "2015.05.13"]
[EventType "swiss"]
[EventRounds "7"]
[EventCountry "GER"]
[SourceTitle "EXT 2016"]
[Source "ChessBase"]
[SourceDate "2015.10.08"]
[SourceVersion "1"]
[SourceVersionDate "2015.10.08"]
[SourceQuality "1"]

1. e4 c5 2. d3 g6 3. g3 Bg7 4. Bg2 Nc6 5. Nf3 d6 6. Nbd2 e5 7. 0-0 Nge7 8. c3 0-0 9. Ne1 Be6 10. f4 Qd7 11. Ndf3 h6 12. Nc2 f5 13. fxe5 dxe5 14. Be3 b6 15. Qd2 Kh7 16. b3 Rad8 17. Rad1 Qc8 18. Qe2 Qa6 19. Rd2 f4 20. Bf2 g5 21. g4 Kg6 22. Be1 Rh8 23. h3 h5 24. Nh2 Qxa2 25. Nd4 Nxd4 26. cxd4 Qxb3 27. dxc5 bxc5 28. Bf2 c4 29. Bxa7 cxd3 30. Qf2 Nc6 31. Ra1 Qc3 32. Qe1 Ra8 33. Rc1 Qb3 34. Rxc6 Rxa7 35. gxh5+ Kf7 36. Qc1 Rha8 37. Qc5 Bd7 38. Rg6 Qb5 39. Rxg7+ Kxg7 40. Qe7+ Kh8 1/2-1/2

[Event "Hessen-ch op-A"]
[Site "Frankfurt Sossenheim"]
[Date "2015.??.??"]
[Round "5"]
[White "Will, Dominik"]
[Black "Bahlke, Wolfgang"]
[Result "0-1"]
[WhiteElo "2153"]
[BlackElo "2146"]
[PlyCount "90"]
[EventDate "2015.05.13"]
[EventType "swiss"]
[EventRounds "7"]
[EventCountry "GER"]
[SourceTitle "EXT 2016"]
[Source "ChessBase"]
[SourceDate "2015.10.08"]
[SourceVersion "1"]
[SourceVersionDate "2015.10.08"]
[SourceQuality "1"]

1. g3 Nf6 2. Bg2 d5 3. Nf3 c6 4. 0-0 Bg4 5. d3 Nbd7 6. h3 Bxf3 7. Bxf3 e5 8. c4 d4 9. Na3 Bc5 10. Nc2 a5 11. b3 0-0 12. a3 Re8 13. Bb2 Qe7 14. Bg2 Rad8 15. Qd2 e4 16. Bxd4 Bxd4 17. Nxd4 exd3 18. exd3 Ne5 19. Nf5 Qe6 20. Qg5 g6 21. Nh6+ Kg7 22. Rae1 Qxh3 23. Nxf7 Nxf7 24. Qxf6+ Kxf6 25. Bxh3 Rxe1 26. Rxe1 Ng5 27. Bg2 Rxd3 28. Rb1 Nf3+ 29. Bxf3 Rxf3 30. Kf1 Ke5 31. Ke2 Rc3 32. Rb2 h5 33. Kd2 Kd4 34. Ke2 Rd3 35. Rb1 b6 36. f3 Rc3 37. Rd1+ Kc5 38. Rd3 Rxd3 39. Kxd3 g5 40. Ke4 h4 41. gxh4 gxh4 42. f4 h3 43. Kf3 Kd4 44. Kg3 Ke4 45. b4 c5 0-1

[Event "Hessen-ch op-A"]
[Site "Frankfurt Sossenheim"]
[Date "2015.??.??"]
[Round "3"]
[White "Will, Dominik"]
[Black "Chandler, Patrick"]
[Result "1/2-1/2"]
[WhiteElo "2153"]
[BlackElo "2157"]
[PlyCount "23"]
[EventDate "2015.05.13"]
[EventType "swiss"]
[EventRounds "7"]
[EventCountry "GER"]
[SourceTitle "EXT 2016"]
[Source "ChessBase"]
[SourceDate "2015.10.08"]
[SourceVersion "1"]
[SourceVersionDate "2015.10.08"]
[SourceQuality "1"]

1. Nf3 Nf6 2. g3 g6 3. Bg2 Bg7 4. 0-0 0-0 5. d3 Nc6 6. c4 e5 7. Nc3 d6 8. Rb1 a5 9. a3 h6 10. Qc2 Be6 11. b4 Qd7 12. b5 1/2-1/2

[Event "Hessen-ch op-A"]
[Site "Frankfurt Sossenheim"]
[Date "2015.??.??"]
[Round "7"]
[White "Will, Dominik"]
[Black "Muth, Andreas"]
[Result "1-0"]
[WhiteElo "2153"]
[BlackElo "2082"]
[PlyCount "101"]
[EventDate "2015.05.13"]
[EventType "swiss"]
[EventRounds "7"]
[EventCountry "GER"]
[SourceTitle "EXT 2016"]
[Source "ChessBase"]
[SourceDate "2015.10.08"]
[SourceVersion "1"]
[SourceVersionDate "2015.10.08"]
[SourceQuality "1"]

1. g3 g6 2. Bg2 Bg7 3. d3 d5 4. Nf3 Nf6 5. 0-0 0-0 6. a3 c5 7. Nc3 Nc6 8. Re1 e5 9. Bg5 h6 10. Bxf6 Bxf6 11. e4 d4 12. Nd5 Bg7 13. c4 dxc3 14. bxc3 Kh7 15. Rb1 b6 16. Nd2 Bb7 17. Nc4 Ne7 18. Nce3 Nxd5 19. exd5 e4 20. c4 exd3 21. Qxd3 Qd6 22. a4 Bd4 23. a5 Bc8 24. Qb3 bxa5 25. Qa3 Bxe3 26. Rxe3 Ba6 27. Qxa5 Rab8 28. Rbe1 Bxc4 29. Qxa7 Rbd8 30. Re5 Kg8 31. f4 Ra8 32. Qb7 Ra2 33. Qc6 Qb8 34. d6 Qb2 35. f5 Bb5 36. Qb7 Qd2 37. Kh1 Ba6 38. Qf3 Qd4 39. Qd5 Bc4 40. Qxd4 cxd4 41. Rc5 Bd3 42. fxg6 Bxg6 43. Rd5 d3 44. d7 Re2 45. Rxe2 dxe2 46. Re5 Rd8 47. Bc6 Bd3 48. Kg2 Kg7 49. Kf2 Rb8 50. Re8 Rb1 51. d8Q 1-0

[Event "Hessenliga 1415"]
[Site "Hessen"]
[Date "2014.10.12"]
[Round "2.2"]
[White "Cordes, Hans Joerg"]
[Black "Will, Dominik"]
[Result "0-1"]
[WhiteElo "2243"]
[BlackElo "2130"]
[PlyCount "76"]
[EventDate "2014.09.28"]
[EventType "team-tourn"]
[EventRounds "9"]
[EventCountry "GER"]
[SourceTitle "EXT 2016"]
[Source "ChessBase"]
[SourceDate "2015.10.08"]
[SourceVersion "1"]
[SourceVersionDate "2015.10.08"]
[SourceQuality "1"]
[WhiteTeam "Offenbach"]
[BlackTeam "Bad Nauheim"]
[WhiteTeamCountry "GER"]
[BlackTeamCountry "GER"]

1. d4 Nf6 2. c4 g6 3. Nc3 Bg7 4. e4 d6 5. Nf3 0-0 6. Be2 e5 7. 0-0 Nc6 8. d5 Ne7 9. Ne1 Nd7 10. Be3 f5 11. f3 f4 12. Bf2 g5 13. Rc1 Ng6 14. c5 Nf6 15. cxd6 cxd6 16. Nb5 Rf7 17. Nxa7 Bd7 18. Qb3 g4 19. Bb6 Qf8 20. Rc7 Qb8 21. Qa3 Ne8 22. Rc3 Ne7 23. Qa5 Nc8 24. Ra3 Bf6 25. Kh1 g3 26. Nd3 Nxb6 27. Qxb6 Bd8 28. Qg1 b5 29. Ra6 Qb7 30. Nb4 Rf6 31. Nac6 Bc7 32. Rxa8 Qxa8 33. Rc1 Rh6 34. h3 Bxh3 35. gxh3 Rxh3+ 36. Kg2 Rh2+ 37. Kf1 g2+ 38. Ke1 Rh1 0-1

[Event "Karl Mala Memorial op-A 17th"]
[Site "Frankfurt"]
[Date "2014.08.03"]
[Round "7"]
[White "Eggenstein, Frank"]
[Black "Will, Dominik"]
[Result "0-1"]
[WhiteElo "1991"]
[BlackElo "2130"]
[PlyCount "54"]
[EventDate "2014.07.31"]
[EventType "swiss"]
[EventRounds "7"]
[EventCountry "GER"]
[SourceTitle "EXT 2015"]
[Source "ChessBase"]
[SourceDate "2014.11.20"]
[SourceVersion "1"]
[SourceVersionDate "2014.11.20"]
[SourceQuality "1"]

1. e4 c5 2. Nc3 g6 3. f4 Bg7 4. Nf3 Nc6 5. Bb5 Nd4 6. a4 a6 7. Bc4 e6 8. 0-0 Ne7 9. d3 0-0 10. Ne2 d5 11. Nexd4 dxc4 12. Ne2 cxd3 13. cxd3 b6 14. Ra3 Bb7 15. Qe1 b5 16. b4 cxb4 17. Qxb4 Nc6 18. Qb1 b4 19. Ra2 a5 20. f5 exf5 21. exf5 Qd5 22. Ng3 Nd4 23. Ng5 Rac8 24. Be3 b3 25. Raf2 Nc2 26. Bd2 Bd4 27. Kh1 Na3 0-1

[Event "Karl Mala Memorial op-A 17th"]
[Site "Frankfurt"]
[Date "2014.08.03"]
[Round "6"]
[White "Will, Dominik"]
[Black "Lutz, Klaus Juergen"]
[Result "1/2-1/2"]
[WhiteElo "2130"]
[BlackElo "2255"]
[PlyCount "42"]
[EventDate "2014.07.31"]
[EventType "swiss"]
[EventRounds "7"]
[EventCountry "GER"]
[SourceTitle "EXT 2015"]
[Source "ChessBase"]
[SourceDate "2014.11.20"]
[SourceVersion "1"]
[SourceVersionDate "2014.11.20"]
[SourceQuality "1"]

1. e4 d6 2. d4 Nf6 3. Nc3 c6 4. f4 Qa5 5. Bd3 e5 6. Nge2 exd4 7. Nxd4 g6 8. h3 Bg7 9. Be3 0-0 10. Nb3 Qc7 11. g4 Re8 12. Qf3 b5 13. g5 Nh5 14. a3 a6 15. Qf2 Bb7 16. Bb6 Qe7 17. Na5 Bxc3+ 18. bxc3 c5 19. 0-0-0 Nc6 20. Rhe1 Nxa5 21. Bxa5 Qe6 1/2-1/2

[Event "Karl Mala Memorial op-A 17th"]
[Site "Frankfurt"]
[Date "2014.07.31"]
[Round "1"]
[White "Wilk, Jan"]
[Black "Will, Dominik"]
[Result "0-1"]
[WhiteElo "1795"]
[BlackElo "2130"]
[PlyCount "88"]
[EventDate "2014.07.31"]
[EventType "swiss"]
[EventRounds "7"]
[EventCountry "GER"]
[SourceTitle "EXT 2015"]
[Source "ChessBase"]
[SourceDate "2014.11.20"]
[SourceVersion "1"]
[SourceVersionDate "2014.11.20"]
[SourceQuality "1"]

1. d4 Nf6 2. Bf4 g6 3. e3 Bg7 4. c4 0-0 5. Nc3 d6 6. Nf3 a6 7. h3 Nbd7 8. Be2 c5 9. d5 b5 10. cxb5 axb5 11. Bxb5 Qa5 12. Bc6 Rb8 13. Qd2 Ba6 14. Rc1 Nb6 15. b3 Rfc8 16. Bg5 Qb4 17. Bxf6 Bxf6 18. Nb1 Qe4 19. Nc3 Bxc3 20. Rxc3 e6 21. dxe6 Qxc6 22. exf7+ Kxf7 23. Ng5+ Kg8 24. e4 h6 25. Nf3 Qxe4+ 26. Re3 Qb1+ 27. Qd1 Qxd1+ 28. Kxd1 Re8 29. Rhe1 Kf7 30. Nh4 Rxe3 31. Rxe3 Nd5 32. Rg3 Nf4 33. Kd2 g5 34. Nf5 Kg6 35. Ne3 d5 36. h4 d4 37. Nc2 Re8 38. hxg5 hxg5 39. b4 Re2+ 40. Kd1 d3 41. Ne1 Rxa2 42. bxc5 d2 43. Nc2 Bd3 44. c6 Bxc2+ 0-1

[Event "Hessenliga 1314"]
[Site "Germany"]
[Date "2014.04.27"]
[Round "9.4"]
[White "Henrich, Thomas"]
[Black "Will, Dominik"]
[Result "1/2-1/2"]
[WhiteElo "2246"]
[BlackElo "2117"]
[PlyCount "82"]
[EventDate "2013.09.29"]
[EventType "team-tourn"]
[EventRounds "9"]
[EventCountry "GER"]
[SourceTitle "EXT 2015"]
[Source "ChessBase"]
[SourceDate "2014.11.20"]
[SourceVersion "1"]
[SourceVersionDate "2014.11.20"]
[SourceQuality "1"]
[WhiteTeam "Marburg"]
[BlackTeam "Bad Nauheim"]
[WhiteTeamCountry "GER"]
[BlackTeamCountry "GER"]

1. d4 Nf6 2. c4 g6 3. Nc3 Bg7 4. e4 d6 5. f3 a6 6. Be3 Nbd7 7. Qd2 0-0 8. Bd3 c5 9. Nge2 b6 10. 0-0 Bb7 11. b3 cxd4 12. Nxd4 e6 13. Rac1 Re8 14. Bg5 Qb8 15. Kh1 Ra7 16. Nc2 Rc8 17. Ne3 h6 18. Bh4 g5 19. Bf2 Ne5 20. Be2 Bc6 21. Rfd1 Rd7 22. Qe1 Nh5 23. Bf1 Re8 24. Ne2 Ba8 25. Nd4 Qb7 26. Qd2 Red8 27. a4 g4 28. fxg4 Nf6 29. Bh4 Nxe4 30. Qe1 Re8 31. b4 Rc8 32. Be2 Ng6 33. Bf3 Ne5 34. Qe2 Nxf3 35. gxf3 Ng5 36. Bxg5 hxg5 37. Kg2 d5 38. b5 dxc4 39. Nc6 axb5 40. axb5 c3 41. Qc4 Bf6 1/2-1/2